Globalization and the state / (Record no. 40181)

MARC details
000 -LEADER
fixed length control field 00897nam a22002537a 4500
005 - DATE AND TIME OF LATEST TRANSACTION
control field 2010080704054.0
010 ## - LCCN (DPL NO)
LC control number ENG-98894
020 ## - INTERNATIONAL STANDARD BOOK NUMBER
International Standard Book Number 9788186307212
Terms of availability 450.00
035 ## - SYSTEM CONTROL NUMBER
System control number EN-82426
037 ## - SOURCE OF ACQUISITION
Source of stock number/acquisition DBAD/PUB
082 ## - DEWEY DECIMAL CLASSIFICATION NUMBER
Classification number 338.9
245 ## - TITLE STATEMENT
Title Globalization and the state /
Statement of responsibility, etc edited by Mrigendra Narayan Das [and] Manjula Dowerah Bhuyan
260 ## - PUBLICATION, DISTRIBUTION, ETC. (IMPRINT)
Place of publication, distribution, etc Guwahati
Name of publisher, distributor, etc DVS Publishers
Date of publication, distribution, etc 2010
270 ## - ADDRESS
Address H.B. Road, Panbazar
City Guwahati
Postal code 781001
300 ## - PHYSICAL DESCRIPTION
Extent xvi,193p.
Dimensions 23cm (Hb)
500 ## - GENERAL NOTE
General note Includes index
650 ## - SUBJECT ADDED ENTRY--TOPICAL TERM
Topical term or geographic name as entry element Economic development
650 ## - SUBJECT ADDED ENTRY--TOPICAL TERM
Topical term or geographic name as entry element Economic policy
650 ## - SUBJECT ADDED ENTRY--TOPICAL TERM
Topical term or geographic name as entry element State
700 ## - ADDED ENTRY--PERSONAL NAME
Personal name Das, Mrigendra Narayan
9 (RLIN) 8866
700 ## - ADDED ENTRY--PERSONAL NAME
Personal name Bhuyan, Manjula Dowerah
9 (RLIN) 8867
942 ## - ADDED ENTRY ELEMENTS (KOHA)
Source of classification or shelving scheme Dewey Decimal Classification
Item type English Books
Classification part 338.9
Call number suffix GLO
Holdings
Withdrawn status Lost status Not for loan Collection code Home library Current library Date acquired Source of acquisition Cost, normal purchase price Full call number Barcode Copy number Cost, replacement price Koha item type
    Not For Loan Non-fiction D.B.Act.Division D.B.Act.Division 07/08/2010 DBAD/PUB 450.00 338.9 GLO EN-82426 1 450.00 English Books

© Delhi Public Library
Hit Counter
free hit counter